Kedy bude spečatená ambiciózna dohoda medzi EÚ a Kanadou o voľnom obchode?

Spolupráca a obchodné partnerstvo medzi Európskou úniou a Kanadou. Rokovania a snahy o liberalizáciu ekonomických a obchodných vzťahov. Vzájomná Komplexná hospodárska a obchodná dohoda (CETA - Canada-European Comprehensive Economic and Trade Agreement).

Saved in:
Bibliographic Details
Main Author: Ružeková, Viera, 1957-
Other Authors: Pullmanová, Terézia, 1953-
Format: Book Chapter
Language:Slovak
Subjects:
Tags: Add Tag
No Tags, Be the first to tag this record!

MARC

LEADER 00000naa$a2200000$$$4500
001 0150194
005 20240502072712.6
041 0 |a slo 
044 |a SK 
245 1 0 |a Kedy bude spečatená ambiciózna dohoda medzi EÚ a Kanadou o voľnom obchode?  |c Viera Ružeková, Terézia Pullmanová 
520 |a Spolupráca a obchodné partnerstvo medzi Európskou úniou a Kanadou. Rokovania a snahy o liberalizáciu ekonomických a obchodných vzťahov. Vzájomná Komplexná hospodárska a obchodná dohoda (CETA - Canada-European Comprehensive Economic and Trade Agreement). 
610 2 0 |a Európska únia 
610 2 0 |a Kanada 
610 2 0 |a vzťahy hospodárske medzinárodné 
610 2 0 |a obchod medzinárodný 
610 2 0 |a partnerstvo strategické 
610 2 0 |a liberalizácia 
100 1 |a Ružeková, Viera, 1957- 
700 1 |a Pullmanová, Terézia, 1953-